[Event "Magyar rapid bajnokság"]
[Site "Ajka"]
[Date "2020.07.18"]
[Round "8.11"]
[White "Csonka, Balazs"]
[Black "Terbe, Julianna"]
[Result "1/2-1/2"]
[WhiteElo "2324"]
[BlackElo "2182"]
[PlyCount "73"]
[EventDate "2020.07.17"]
[EventType "swiss"]
[EventRounds "13"]
[EventCountry "HUN"]

1. d4 d5 2. Nf3 Nf6 3. c4 c6 4. Qc2 g6 5. Bf4 Bg7 6. e3 O-O 7. Nc3 Bf5 8. Qb3
Qb6 9. c5 Qxb3 10. axb3 Nbd7 11. b4 a6 12. h3 Rfe8 13. Bh2 h6 14. Ne5 g5 15. f3
Nf8 16. Rd1 e6 17. g4 Bh7 18. Bd3 Bxd3 19. Nxd3 N6d7 20. Kf2 Ng6 21. Nc1 e5 22.
Nb3 Re7 23. e4 dxe4 24. Nxe4 Nf6 25. Ng3 Nd5 26. Nf5 Re6 27. Nxg7 Kxg7 28. dxe5
Nxe5 29. Nd4 Ree8 30. Nf5+ Kf6 31. Nxh6 Nc4 32. Nf5 Nxb2 33. Rd4 Na4 34. h4
gxh4 35. Bd6 Nac3 36. Rxh4 Rh8 37. Bg3 1/2-1/2

[Event "Magyar rapid bajnokság"]
[Site "Ajka"]
[Date "2020.07.18"]
[Round "8.13"]
[White "Buzas, Bertalan"]
[Black "Farago, Sandor"]
[Result "0-1"]
[WhiteElo "2080"]
[BlackElo "2271"]
[PlyCount "190"]
[EventDate "2020.07.17"]
[EventType "swiss"]
[EventRounds "13"]
[EventCountry "HUN"]

1. d4 d5 2. Nf3 Nf6 3. Bf4 c5 4. e3 Nc6 5. c3 cxd4 6. exd4 g6 7. Nbd2 Bg7 8.
Bd3 O-O 9. O-O Nh5 10. Bg5 h6 11. Be3 Qd6 12. Re1 Nf4 13. Bf1 g5 14. Bxf4 Qxf4
15. g3 Qd6 16. Qc2 Bg4 17. h3 Bd7 18. Bg2 Rac8 19. Qd3 e6 20. Qe2 f5 21. Ne5
Nxe5 22. dxe5 Qb6 23. Nb3 a5 24. Nd4 a4 25. a3 Rc4 26. Rad1 f4 27. Kh1 Qd8 28.
Bf3 Qe7 29. Bg4 Rcc8 30. Rd3 b6 31. Rf3 Rc4 32. gxf4 gxf4 33. Qd2 Qf7 34. h4 h5
35. Bh3 Bh6 36. Rg1+ Kh8 37. Bf1 Rc5 38. Bd3 Rg8 39. Rxg8+ Qxg8 40. Bb1 Rc8 41.
Qd3 Qg7 42. Qg6 Rg8 43. Qxg7+ Rxg7 44. Rh3 Rg4 45. f3 Rg3 46. Kh2 Rxh3+ 47.
Kxh3 Bg7 48. Bg6 Bxe5 49. Bxh5 Kg7 50. Bg4 Kf6 51. Kg2 Bd6 52. Kf2 Bc5 53. Ke1
Ke5 54. h5 Bf8 55. Kd2 Bg7 56. Kd3 Kd6 57. c4 Ke5 58. Ne2 dxc4+ 59. Kxc4 b5+
60. Kd3 Kd6 61. Nc3 Kc5 62. Ne4+ Kd5 63. Nc3+ Ke5 64. Ne4 Bc6 65. Ng5 Kd6 66.
Kc2 Bd5 67. h6 Bf6 68. Nh3 e5 69. Kd3 Ke7 70. Nf2 Kf7 71. Ne4 Bc4+ 72. Kc3 Be7
73. Bh5+ Kg8 74. Nd2 Be2 75. Bg6 Bf8 76. h7+ Kh8 77. Be4 Bc5 78. Kc2 Kg7 79.
Nb1 Bc4 80. Nc3 Be7 81. Bd3 Bb3+ 82. Kd2 b4 83. Nb5 Bc5 84. axb4 Bxb4+ 85. Ke2
Bc5 86. Kd2 Bb4+ 87. Ke2 Kh8 88. Nc7 Bc5 89. Ne8 Bd4 90. Be4 Bxb2 91. Nf6 a3
92. Nd7 a2 93. Nf8 Bf7 94. Bg6 Bxg6 95. Nxg6+ Kxh7 0-1

[Event "Magyar rapid bajnokság"]
[Site "Ajka"]
[Date "2020.07.18"]
[Round "8.14"]
[White "Horvath, Adam"]
[Black "Majoros, Rozsa Evelin"]
[Result "1-0"]
[WhiteElo "2496"]
[BlackElo "1879"]
[PlyCount "81"]
[EventDate "2020.07.17"]
[EventType "swiss"]
[EventRounds "13"]
[EventCountry "HUN"]

1. e4 c5 2. Nf3 Nc6 3. g3 e6 4. Bg2 Qc7 5. O-O Be7 6. Re1 d6 7. c3 Nf6 8. d4
O-O 9. dxc5 dxc5 10. e5 Nd5 11. Nbd2 Rd8 12. Qe2 a6 13. h4 b5 14. Nf1 Bb7 15.
Bg5 b4 16. c4 Nb6 17. N1h2 Nd4 18. Nxd4 Rxd4 19. b3 Bf8 20. h5 Nd7 21. Bxb7
Qxb7 22. Nf3 Rg4 23. Rad1 a5 24. Rd3 a4 25. Bf4 axb3 26. axb3 Nb8 27. Red1 Nc6
28. Rd7 Qb8 29. h6 Ra3 30. hxg7 Rxg7 31. Qe4 Qa8 32. Bh6 Rg6 33. Bxf8 Kxf8 34.
R1d6 Rxb3 35. Rxc6 Qa1+ 36. Kg2 Rh6 37. Rc8+ Kg7 38. Rxf7+ Kxf7 39. Qb7+ Kg6
40. Rg8+ Kf5 41. Rg5# 1-0

[Event "Magyar rapid bajnokság"]
[Site "Ajka"]
[Date "2020.07.18"]
[Round "8.15"]
[White "Almasi, Zoltan"]
[Black "Borhy, Marcell"]
[Result "1-0"]
[WhiteElo "2678"]
[BlackElo "2132"]
[PlyCount "69"]
[EventDate "2020.07.17"]
[EventType "swiss"]
[EventRounds "13"]
[EventCountry "HUN"]

1. e4 d5 2. exd5 Nf6 3. d4 Nxd5 4. c4 Nb6 5. Nf3 g6 6. h3 Bg7 7. Nc3 O-O 8. Be3
Nc6 9. Be2 e5 10. d5 Ne7 11. O-O Nf5 12. Bg5 f6 13. Bd2 Re8 14. Bd3 c6 15. Qb3
Nd4 16. Nxd4 exd4 17. Ne2 cxd5 18. Nxd4 f5 19. Bc3 Bxd4 20. Bxd4 dxc4 21. Bxc4+
Nxc4 22. Qxc4+ Be6 23. Qb4 a5 24. Qd2 Ra6 25. Qf4 Qd6 26. Be5 Qb4 27. Qh6 Qf8
28. Qh4 Bxa2 29. Bc3 Re4 30. Qg3 Be6 31. Rfe1 Qd6 32. Qg5 Bd5 33. Red1 Ra8 34.
Qd2 Rd8 35. Rxa5 1-0

[Event "Magyar rapid bajnokság"]
[Site "Ajka"]
[Date "2020.07.18"]
[Round "8.16"]
[White "Horvath, Peter"]
[Black "Balint, Vilmos"]
[Result "0-1"]
[WhiteElo "2466"]
[BlackElo "2187"]
[PlyCount "104"]
[EventDate "2020.07.17"]
[EventType "swiss"]
[EventRounds "13"]
[EventCountry "HUN"]

1. d4 e6 2. c4 b6 3. a3 Bb7 4. Nc3 f5 5. d5 Nf6 6. Nf3 Bd6 7. g3 O-O 8. Bg2 Na6
9. b4 exd5 10. cxd5 Qe7 11. O-O Qf7 12. Bb2 Rae8 13. Nb5 Qxd5 14. Nxd6 Qxd6 15.
Qxd6 cxd6 16. e3 Nc7 17. Rfd1 Ne4 18. Nd4 Rc8 19. Rac1 g6 20. h4 Kf7 21. h5 Ke7
22. a4 Ne6 23. Nb5 Rxc1 24. Bxc1 a6 25. Bxe4 Bxe4 26. Nxd6 Bc2 27. Rd2 Bxa4 28.
b5 axb5 29. Ba3 Nc5 30. h6 Ke6 31. Nb7 Ne4 32. Rd4 Rb8 33. Nd6 Nf6 34. e4 Ra8
35. exf5+ gxf5 36. Bb2 Nd5 37. Nxf5 Kxf5 38. Rxd5+ Ke6 39. Re5+ Kd6 40. Re4 Bc2
41. Rd4+ Kc6 42. Bc3 d5 43. Rd2 Be4 44. g4 Ra3 45. Bg7 b4 46. Kh2 Kc5 47. f4 b3
48. f5 Ra2 49. Bb2 Bc2 50. Bd4+ Kc4 51. f6 Bg6 52. Bb2 Rxb2 0-1

[Event "Magyar rapid bajnokság"]
[Site "Ajka"]
[Date "2020.07.18"]
[Round "8.17"]
[White "Seres, Lajos"]
[Black "Nogrady, Vilmos"]
[Result "1-0"]
[WhiteElo "2455"]
[BlackElo "2128"]
[PlyCount "77"]
[EventDate "2020.07.17"]
[EventType "swiss"]
[EventRounds "13"]
[EventCountry "HUN"]

1. d4 Nf6 2. Nf3 c5 3. d5 e6 4. c4 b5 5. Bg5 exd5 6. cxd5 d6 7. e4 a6 8. Nbd2
Be7 9. Bf4 O-O 10. a4 bxa4 11. Qxa4 Nbd7 12. Bd3 Rb8 13. Qc2 Rb4 14. Nc4 Nb6
15. Bd2 Nbd7 16. Bxb4 cxb4 17. Nd4 Nc5 18. Nc6 Qc7 19. Nxb4 Re8 20. O-O Bf8 21.
Rfe1 Ng4 22. Nc6 Bd7 23. b4 Nxd3 24. Qxd3 Bxc6 25. dxc6 Qxc6 26. Qd5 Qc7 27.
Rxa6 Nf6 28. Qc6 Qb8 29. Rb6 Qa7 30. Rb7 Qd4 31. Ne3 Rxe4 32. Rb8 Qd2 33. Qc1
Qa2 34. h3 Qe6 35. b5 Nd5 36. Qc8 Qxc8 37. Rxc8 g6 38. Rb1 Nb6 39. Rc6 1-0

[Event "Magyar rapid bajnokság"]
[Site "Ajka"]
[Date "2020.07.18"]
[Round "8.18"]
[White "Egresi, Mate"]
[Black "Horvath, Jozsef"]
[Result "1/2-1/2"]
[WhiteElo "2299"]
[BlackElo "2438"]
[PlyCount "205"]
[EventDate "2020.07.17"]
[EventType "swiss"]
[EventRounds "13"]
[EventCountry "HUN"]

1. d4 Nf6 2. c4 g6 3. Nc3 d5 4. Nf3 Bg7 5. h4 c6 6. cxd5 cxd5 7. Bf4 Nc6 8. e3
O-O 9. Ne5 Nh5 10. Bh2 e6 11. g4 Nf6 12. h5 Ne4 13. hxg6 fxg6 14. Nxc6 bxc6 15.
Nxe4 dxe4 16. Bg3 c5 17. dxc5 Bxb2 18. Be2 Qa5+ 19. Kf1 Qc3 20. Kg2 Bxa1 21.
Qxa1 Qxa1 22. Rxa1 Bb7 23. Bc4 Bd5 24. Bxd5 exd5 25. Rd1 Rf7 26. Rxd5 Rc8 27.
Bd6 Rb7 28. Rd4 Kf7 29. Rxe4 Re8 30. Rc4 Rb2 31. Ra4 Rxe3 32. Rxa7+ Kf6 33. c6
Ree2 34. Bg3 Re8 35. a4 Rc2 36. c7 Rc4 37. Rb7 Ke6 38. a5 Kd7 39. a6 Rxg4 40.
c8=Q+ Kxc8 41. Rxh7 Ra4 42. a7 g5 43. Rc7+ Kd8 44. Rb7 g4 45. Rb8+ Kd7 46. Rxe8
Kxe8 47. Bb8 Ra3 48. Bf4 Rxa7 49. Kg3 Rg7 50. f3 gxf3+ 51. Kxf3 Kd7 52. Bg3 Ke6
53. Kg2 Kf5 54. Kf3 Rb7 55. Bf2 Rb3+ 56. Kg2 Kg4 57. Bg1 Rb2+ 58. Kh1 Kf3 59.
Bh2 Kg4 60. Bg1 Kg3 61. Bd4 Rh2+ 62. Kg1 Rd2 63. Be5+ Kf3 64. Kh1 Rd1+ 65. Kh2
Rd5 66. Bc7 Rb5 67. Kg1 Rc5 68. Bd6 Rd5 69. Bc7 Rg5+ 70. Kh1 Rg6 71. Bh2 Kf2
72. Be5 Rg5 73. Bd6 Rd5 74. Bc7 Kf3 75. Bh2 Rb5 76. Bg1 Rb1 77. Kh2 Rb2+ 78.
Kh1 Kg3 79. Bd4 Rh2+ 80. Kg1 Re2 81. Kh1 Re4 82. Bc5 Rh4+ 83. Kg1 Kf3 84. Bd6
Rh6 85. Be5 Re6 86. Bc7 Re8 87. Kh1 Re1+ 88. Kh2 Re7 89. Bd6 Rd7 90. Be5 Rd5
91. Bc7 Rb5 92. Kh1 Kf2 93. Bd6 Rd5 94. Bc7 Rd3 95. Bb6+ Kf3 96. Bg1 Ra3 97.
Bh2 Ra2 98. Bg1 Kg3 99. Bd4 Rh2+ 100. Kg1 Re2 101. Kh1 Kh3 102. Bg1 Kg3 103.
Bd4 1/2-1/2

[Event "Magyar rapid bajnokság"]
[Site "Ajka"]
[Date "2020.07.18"]
[Round "8.19"]
[White "Zentai, Peter"]
[Black "Korpa, Bence"]
[Result "1/2-1/2"]
[WhiteElo "2267"]
[BlackElo "2427"]
[PlyCount "94"]
[EventDate "2020.07.17"]
[EventType "swiss"]
[EventRounds "13"]
[EventCountry "HUN"]

1. d4 Nf6 2. c4 e6 3. Nc3 d5 4. Nf3 c5 5. cxd5 Nxd5 6. e3 Be7 7. Bd3 O-O 8. O-O
b6 9. a3 Bb7 10. Qe2 cxd4 11. exd4 Nxc3 12. bxc3 Nd7 13. Bd2 Qc7 14. a4 Bd6 15.
h3 Bf4 16. Bxf4 Qxf4 17. Qe3 Qf6 18. Be4 Bxe4 19. Qxe4 Rac8 20. Qb7 Qd8 21.
Qxa7 Rc7 22. Qa6 Rxc3 23. Rfc1 Qc7 24. Rxc3 Qxc3 25. Rb1 Qc2 26. Qb5 Ra8 27.
Ne5 Nxe5 28. dxe5 h6 29. Qxb6 Rxa4 30. Qb3 Qxb3 31. Rxb3 Re4 32. Rb5 g5 33. g3
h5 34. Kg2 g4 35. hxg4 hxg4 36. Rc5 Kg7 37. Rb5 Kg6 38. Ra5 Rd4 39. Rb5 Kg5 40.
Rb7 Kg6 41. Rb5 Ra4 42. Rc5 Rd4 43. Rb5 Rd3 44. Rb4 Kg5 45. Rf4 Rf3 46. Rxf3
gxf3+ 47. Kxf3 Kf5 1/2-1/2

[Event "Magyar rapid bajnokság"]
[Site "Ajka"]
[Date "2020.07.18"]
[Round "8.20"]
[White "Mester, Gyula"]
[Black "Krstulovic, Alex"]
[Result "1/2-1/2"]
[WhiteElo "2426"]
[BlackElo "2108"]
[PlyCount "96"]
[EventDate "2020.07.17"]
[EventType "swiss"]
[EventRounds "13"]
[EventCountry "HUN"]

1. d4 d5 2. e3 Nf6 3. c3 c5 4. Bd3 Bg4 5. f3 Bh5 6. Ne2 e6 7. Nd2 Bg6 8. Nf4
Bxd3 9. Nxd3 cxd4 10. exd4 Nc6 11. O-O Bd6 12. f4 O-O 13. Ne5 Nd7 14. Qe2 Qe7
15. Qb5 Ndb8 16. Ndf3 a6 17. Qb3 f6 18. Nd3 Na5 19. Qc2 Nd7 20. Bd2 Nc4 21.
Rae1 f5 22. Nde5 Ndxe5 23. fxe5 Nxd2 24. Nxd2 Bc7 25. b4 Rac8 26. a4 a5 27. Qb2
Bb6 28. Rc1 Rc7 29. bxa5 Bxa5 30. Nb3 Bb6 31. a5 Ba7 32. Rc2 Rfc8 33. Kh1 Qd7
34. h3 Qb5 35. Rfc1 Qd3 36. Nc5 Bxc5 37. dxc5 Qc4 38. Qb6 Kf7 39. Rb2 Qf4 40.
Re1 Qg3 41. Reb1 Qxc3 42. Qd6 Rc6 43. Rxb7+ Kg6 44. Qe7 Qxe5 45. R1b6 Qe1+ 46.
Kh2 Qe5+ 47. Kh1 Qe1+ 48. Kh2 Qe5+ 1/2-1/2

[Event "Magyar rapid bajnokság"]
[Site "Ajka"]
[Date "2020.07.18"]
[Round "8.21"]
[White "Fancsy, Imre"]
[Black "Juhasz, Barbara"]
[Result "1-0"]
[WhiteElo "2414"]
[BlackElo "2099"]
[PlyCount "81"]
[EventDate "2020.07.17"]
[EventType "swiss"]
[EventRounds "13"]
[EventCountry "HUN"]

1. Nf3 Nf6 2. c4 g6 3. g3 Bg7 4. Bg2 O-O 5. d4 d6 6. Nc3 Nbd7 7. O-O e5 8. e4
exd4 9. Nxd4 Re8 10. h3 Rb8 11. Be3 a6 12. b3 c5 13. Nde2 b5 14. Qxd6 b4 15.
Na4 Nxe4 16. Bxe4 Bxa1 17. Rxa1 Rxe4 18. Nxc5 Re8 19. Rd1 Qe7 20. Qxe7 Rxe7 21.
Nf4 Nxc5 22. Bxc5 Re8 23. Nd5 Re2 24. Bd4 Rxa2 25. Nf6+ Kf8 26. Be5 Bg4 27.
hxg4 Rc8 28. g5 a5 29. Nd7+ Ke8 30. Nb6 Rd8 31. Bd6 Re2 32. c5 Re6 33. f4 f6
34. Nd5 Kf7 35. Nxf6 Re3 36. Kf2 Re6 37. Kf3 h6 38. Ne4 h5 39. c6 Rc8 40. c7
Kg8 41. Be5 1-0

[Event "Magyar rapid bajnokság"]
[Site "Ajka"]
[Date "2020.07.18"]
[Round "8.22"]
[White "Martini, Balazs"]
[Black "Meszaros, Tamas"]
[Result "0-1"]
[WhiteElo "2228"]
[BlackElo "2401"]
[PlyCount "78"]
[EventDate "2020.07.17"]
[EventType "swiss"]
[EventRounds "13"]
[EventCountry "HUN"]

1. d4 Nf6 2. Nf3 e6 3. Bg5 c5 4. e3 h6 5. Bh4 b6 6. Be2 Bb7 7. a4 Be7 8. O-O
O-O 9. a5 bxa5 10. Nbd2 Nc6 11. c3 d5 12. Qa4 Nd7 13. Bg3 Nb6 14. Qa2 a4 15.
Bb5 a3 16. bxa3 c4 17. a4 Na5 18. Qc2 a6 19. Rfb1 axb5 20. axb5 Bd6 21. Ra2
Bxg3 22. hxg3 Qc7 23. Rba1 Nd7 24. Qb2 Qb6 25. Qb4 Nb3 26. Nxb3 cxb3 27. Qxb3
Rxa2 28. Rxa2 Rb8 29. Qb4 Nf8 30. Ne5 f6 31. Nd3 Bc8 32. Rb2 Bd7 33. Nc5 Bxb5
34. Qa3 Qc7 35. Qb4 Qc6 36. e4 Nd7 37. Nxd7 Qxd7 38. Qc5 Rb7 39. exd5 exd5 0-1

[Event "Magyar rapid bajnokság"]
[Site "Ajka"]
[Date "2020.07.18"]
[Round "9.1"]
[White "Kozak, Adam"]
[Black "Czebe, Attila"]
[Result "1/2-1/2"]
[WhiteElo "2438"]
[BlackElo "2517"]
[PlyCount "79"]
[EventDate "2020.07.17"]
[EventType "swiss"]
[EventRounds "13"]
[EventCountry "HUN"]

1. Nf3 Nf6 2. c4 b6 3. g3 Bb7 4. Bg2 g6 5. O-O Bg7 6. d4 O-O 7. d5 Ne4 8. Qc2
f5 9. Ng5 Nd6 10. Nc3 h6 11. Nf3 Na6 12. e4 e5 13. b3 Nc5 14. exf5 gxf5 15. b4
Na6 16. Qb3 e4 17. Nd2 Qf6 18. Bb2 Rae8 19. Na4 Qg5 20. Bxg7 Qxg7 21. Rad1 Kh7
22. Rfe1 Nf7 23. f4 h5 24. h4 Nh6 25. Nf1 d6 26. Nc3 Nb8 27. Nb5 a6 28. Nd4 Bc8
29. a3 Rg8 30. Bh3 Qf6 31. Kh2 Re7 32. Re2 Nd7 33. Ne6 Rxe6 34. dxe6 Qxe6 35.
Ne3 Nf6 36. Nd5 Rg7 37. Nxf6+ Qxf6 38. Re3 Be6 39. Qc2 Rg8 40. Rd2 1/2-1/2

[Event "Magyar rapid bajnokság"]
[Site "Ajka"]
[Date "2020.07.18"]
[Round "9.2"]
[White "Erdos, Viktor"]
[Black "Antal, Gergely"]
[Result "1/2-1/2"]
[WhiteElo "2580"]
[BlackElo "2537"]
[PlyCount "68"]
[EventDate "2020.07.17"]
[EventType "swiss"]
[EventRounds "13"]
[EventCountry "HUN"]

1. e4 c6 2. Nf3 d5 3. d3 dxe4 4. dxe4 Qxd1+ 5. Kxd1 Nf6 6. Nfd2 h5 7. h4 g6 8.
f3 Bh6 9. Nc4 Bxc1 10. Kxc1 Be6 11. Nbd2 Nbd7 12. c3 Bxc4 13. Nxc4 Nb6 14. Na5
O-O-O 15. Kc2 Nfd7 16. Be2 Kc7 17. Rad1 f5 18. Nb3 e5 19. Bd3 Rdg8 20. Rd2 f4
21. Rhd1 g5 22. hxg5 Rxg5 23. Bf1 Rg6 24. a4 Rh7 25. a5 Nc8 26. Nc1 Rd6 27. b4
Rxd2+ 28. Rxd2 b6 29. axb6+ axb6 30. Nd3 Nd6 31. Kb3 Rh8 32. Ra2 Kb7 33. Rd2
Kc7 34. Ra2 Kb7 1/2-1/2

[Event "Magyar rapid bajnokság"]
[Site "Ajka"]
[Date "2020.07.18"]
[Round "9.3"]
[White "Kantor, Gergely"]
[Black "Bagi, Mate"]
[Result "1-0"]
[WhiteElo "2424"]
[BlackElo "2462"]
[PlyCount "79"]
[EventDate "2020.07.17"]
[EventType "swiss"]
[EventRounds "13"]
[EventCountry "HUN"]

1. d4 Nf6 2. c4 g6 3. Nc3 d5 4. cxd5 Nxd5 5. e4 Nxc3 6. bxc3 Bg7 7. Be3 c5 8.
Rc1 O-O 9. Nf3 b6 10. h4 h5 11. Bc4 Bb7 12. Ng5 b5 13. Bb3 c4 14. Bc2 Qd7 15.
e5 Qg4 16. Qxg4 hxg4 17. h5 f6 18. Ne6 Bxg2 19. Rh2 Bd5 20. Nxf8 Kxf8 21. exf6
exf6 22. hxg6 Nc6 23. Rb1 a6 24. Kd2 Ne7 25. Bf4 Rd8 26. Re1 Rd7 27. Rh5 b4 28.
Ba4 Bc6 29. Rxe7 bxc3+ 30. Kxc3 Bxa4 31. Rxd7 Bxd7 32. Rc5 Ke7 33. Kxc4 Ke6 34.
Rc7 Bb5+ 35. Kc3 Bd7 36. d5+ Ke7 37. Kc4 f5 38. Kc5 Bb2 39. Ra7 Bc3 40. Bg5+
1-0

[Event "Magyar rapid bajnokság"]
[Site "Ajka"]
[Date "2020.07.18"]
[Round "9.4"]
[White "Berkes, Ferenc"]
[Black "Aczel, Gergely"]
[Result "1-0"]
[WhiteElo "2688"]
[BlackElo "2506"]
[PlyCount "71"]
[EventDate "2020.07.17"]
[EventType "swiss"]
[EventRounds "13"]
[EventCountry "HUN"]

1. d4 Nf6 2. c4 e6 3. Nc3 Bb4 4. f3 d5 5. a3 Bxc3+ 6. bxc3 c5 7. cxd5 exd5 8.
e3 O-O 9. Bd3 b6 10. Ne2 Ba6 11. O-O Re8 12. Ng3 Bxd3 13. Qxd3 Nc6 14. Bb2 h5
15. Rad1 Qd7 16. Rfe1 Rad8 17. e4 h4 18. Nf5 g6 19. Nxh4 dxe4 20. fxe4 Qg4 21.
Nf3 Rxe4 22. h3 Qf5 23. Rxe4 Qxe4 24. Qd2 cxd4 25. cxd4 Rd5 26. Re1 Qf5 27. Qc3
Nd8 28. Ne5 Ne4 29. Qe3 Nd6 30. Ng4 Qg5 31. Qxg5 Rxg5 32. d5 f5 33. Nh6+ Kh7
34. Bc1 Kxh6 35. h4 Ne4 36. Rxe4 1-0

[Event "Magyar rapid bajnokság"]
[Site "Ajka"]
[Date "2020.07.18"]
[Round "9.5"]
[White "Farago, Sandor"]
[Black "Banusz, Tamas"]
[Result "0-1"]
[WhiteElo "2271"]
[BlackElo "2614"]
[PlyCount "90"]
[EventDate "2020.07.17"]
[EventType "swiss"]
[EventRounds "13"]
[EventCountry "HUN"]

1. e4 e5 2. Nf3 Nc6 3. Bb5 a6 4. Ba4 Nf6 5. d3 d6 6. c3 g6 7. Bg5 Bg7 8. Qd2 h6
9. Bh4 O-O 10. h3 g5 11. Bg3 Ne7 12. Bc2 Ng6 13. c4 Nh5 14. Nc3 Nhf4 15. Rg1 f5
16. exf5 Bxf5 17. O-O-O Qf6 18. Bh2 g4 19. hxg4 Bxg4 20. Ne4 Qf7 21. Rde1 Kh8
22. Bxf4 Qxf4 23. Re3 h5 24. g3 Qf5 25. Nfg5 Bh6 26. f4 exf4 27. gxf4 Nxf4 28.
Qc3+ Kg8 29. Bd1 Bxg5 30. Bxg4 hxg4 31. Nxg5 Qxg5 32. Qd2 Rae8 33. Kc2 Ng6 34.
Rxe8 Qxd2+ 35. Kxd2 Rxe8 36. Rxg4 Kf7 37. d4 Rh8 38. Rg2 Rh3 39. Kc2 Ne7 40.
Rf2+ Ke6 41. d5+ Kd7 42. Rf7 b5 43. b3 Rh2+ 44. Kb1 bxc4 45. bxc4 Rh4 0-1

[Event "Magyar rapid bajnokság"]
[Site "Ajka"]
[Date "2020.07.18"]
[Round "9.6"]
[White "Mihok, Oliver"]
[Black "Ruck, Robert"]
[Result "1/2-1/2"]
[WhiteElo "2508"]
[BlackElo "2453"]
[PlyCount "47"]
[EventDate "2020.07.17"]
[EventType "swiss"]
[EventRounds "13"]
[EventCountry "HUN"]

1. e4 c6 2. d4 d5 3. Nd2 dxe4 4. Nxe4 Bf5 5. Ng3 Bg6 6. Bc4 Nf6 7. N1e2 Nbd7 8.
O-O Nb6 9. Bd3 Bxd3 10. Qxd3 g6 11. f4 Bg7 12. f5 Qd7 13. a4 Rd8 14. a5 Nbd5
15. Bd2 O-O 16. Kh1 e6 17. fxg6 fxg6 18. Ne4 Nxe4 19. Qxe4 Rde8 20. c4 Ne7 21.
Bc3 Rxf1+ 22. Rxf1 Nf5 23. b3 Re7 24. Re1 1/2-1/2

[Event "Magyar rapid bajnokság"]
[Site "Ajka"]
[Date "2020.07.18"]
[Round "9.7"]
[White "Kaczur, Florian"]
[Black "Almasi, Zoltan"]
[Result "1/2-1/2"]
[WhiteElo "2454"]
[BlackElo "2678"]
[PlyCount "88"]
[EventDate "2020.07.17"]
[EventType "swiss"]
[EventRounds "13"]
[EventCountry "HUN"]

1. e4 d6 2. d4 g6 3. Nc3 Bg7 4. Nge2 a6 5. g3 b5 6. Bg2 Bb7 7. a4 b4 8. Nd5 a5
9. c3 e6 10. Ne3 Nf6 11. Qc2 O-O 12. O-O Na6 13. Rd1 Qb8 14. Bd2 Re8 15. Nc4
Bxe4 16. Bxe4 Nxe4 17. Qxe4 d5 18. Qd3 dxc4 19. Qxc4 Qb7 20. Nf4 Reb8 21. Nd3
bxc3 22. bxc3 Qb3 23. Qxb3 Rxb3 24. Rdb1 Rab8 25. Rxb3 Rxb3 26. Ra2 h5 27. Kf1
Kf8 28. Ke2 Ke7 29. Rb2 Rxb2 30. Nxb2 c5 31. Nc4 cxd4 32. cxd4 Bxd4 33. Nxa5
Kd6 34. Nb3 Bg7 35. Kd3 Kd5 36. h3 e5 37. f3 f5 38. g4 e4+ 39. Ke2 exf3+ 40.
Kxf3 fxg4+ 41. hxg4 Kc4 42. Nc1 hxg4+ 43. Kxg4 Nc5 44. a5 Kb5 1/2-1/2

[Event "Magyar rapid bajnokság"]
[Site "Ajka"]
[Date "2020.07.18"]
[Round "9.8"]
[White "Meszaros, Tamas"]
[Black "Balogh, Csaba"]
[Result "1-0"]
[WhiteElo "2401"]
[BlackElo "2653"]
[PlyCount "35"]
[EventDate "2020.07.17"]
[EventType "swiss"]
[EventRounds "13"]
[EventCountry "HUN"]

1. e4 c5 2. Nf3 e6 3. d4 cxd4 4. Nxd4 a6 5. Nc3 b5 6. Bd3 Bb7 7. Be3 Nc6 8.
Nxc6 Bxc6 9. Qe2 Qb8 10. a4 Bb4 11. axb5 axb5 12. Rxa8 Qxa8 13. O-O Nf6 14. e5
Bxc3 15. bxc3 Ne4 16. Qg4 Kf8 17. f3 f5 18. fxe4 1-0

[Event "Magyar rapid bajnokság"]
[Site "Ajka"]
[Date "2020.07.18"]
[Round "9.9"]
[White "Balog, Imre"]
[Black "Csonka, Balazs"]
[Result "0-1"]
[WhiteElo "2626"]
[BlackElo "2324"]
[PlyCount "90"]
[EventDate "2020.07.17"]
[EventType "swiss"]
[EventRounds "13"]
[EventCountry "HUN"]

1. d4 d5 2. Nf3 Nf6 3. c4 e6 4. g3 dxc4 5. Qa4+ Bd7 6. Qxc4 c5 7. Bg2 Bc6 8.
O-O Nbd7 9. Nc3 Rc8 10. Bg5 cxd4 11. Qxd4 Bc5 12. Qh4 O-O 13. Rad1 h6 14. Bc1
Nd5 15. Qxd8 Rfxd8 16. Ne4 Ba4 17. b3 Bb5 18. Rfe1 Be7 19. Nd4 Ba6 20. Bb2 Bb4
21. Rf1 Nc5 22. Nxc5 Bxc5 23. Bf3 Bb6 24. Rc1 Rxc1 25. Rxc1 Nb4 26. a3 Bxd4 27.
Bxd4 Rxd4 28. axb4 Rxb4 29. Rc3 g6 30. Kf1 b6 31. Ke1 Bb5 32. Kd2 Kg7 33. h4 g5
34. hxg5 hxg5 35. Re3 a5 36. Kc3 Kf6 37. Be4 Ke7 38. Bc2 Bc6 39. Kb2 Rb5 40.
Rc3 Kd6 41. Kc1 Rc5 42. Rd3+ Ke7 43. f3 Bb5 44. Re3 a4 45. Kb2 a3+ 0-1

[Event "Magyar rapid bajnokság"]
[Site "Ajka"]
[Date "2020.07.18"]
[Round "9.10"]
[White "Horvath, Tamas"]
[Black "Papp, Gabor"]
[Result "0-1"]
[WhiteElo "2320"]
[BlackElo "2603"]
[PlyCount "46"]
[EventDate "2020.07.17"]
[EventType "swiss"]
[EventRounds "13"]
[EventCountry "HUN"]

1. e4 g6 2. d4 Bg7 3. Nc3 d6 4. Bg5 c6 5. Qd2 Nd7 6. f4 b5 7. Nf3 b4 8. Nd1 c5
9. Ne3 Ngf6 10. e5 Ne4 11. Qd3 Nxg5 12. Nxg5 cxd4 13. e6 Nc5 14. Qb5+ Kf8 15.
Nxf7 Qb6 16. Nd5 Qxb5 17. Bxb5 Bxe6 18. Nxh8 Bxd5 19. Nxg6+ hxg6 20. O-O Be4
21. Rf2 e6 22. Rd1 Ke7 23. Bf1 Rc8 0-1

[Event "Magyar rapid bajnokság"]
[Site "Ajka"]
[Date "2020.07.18"]
[Round "9.11"]
[White "Kiss, Pal"]
[Black "Nagy, Gabor"]
[Result "1/2-1/2"]
[WhiteElo "2264"]
[BlackElo "2523"]
[PlyCount "125"]
[EventDate "2020.07.17"]
[EventType "swiss"]
[EventRounds "13"]
[EventCountry "HUN"]

1. d4 Nf6 2. c4 g6 3. Nc3 Bg7 4. e4 d6 5. Nf3 O-O 6. Be2 Na6 7. O-O e5 8. Re1
Qe8 9. Bf1 Bg4 10. Be3 Nd7 11. Be2 c6 12. h3 Bxf3 13. Bxf3 Qe7 14. Qd2 exd4 15.
Bxd4 Bxd4 16. Qxd4 Ne5 17. Be2 Qf6 18. Rad1 Rad8 19. Qe3 Nc5 20. f4 Ned7 21.
Bg4 Qe7 22. Bxd7 Rxd7 23. Rd2 a5 24. b3 Re8 25. Qf3 Qh4 26. Ree2 Ne6 27. g3 Qd8
28. Kg2 Nc5 29. Re1 Qb6 30. Red1 Rde7 31. Rxd6 Nxe4 32. Nxe4 Rxe4 33. R1d2 a4
34. R6d3 Qa5 35. h4 h5 36. Rf2 Qf5 37. Rfd2 R8e7 38. Rd8+ Kg7 39. Qc3+ f6 40.
Qd3 axb3 41. axb3 Qe6 42. Rd7 Kh6 43. Rxe7 Qxe7 44. Kf2 Qc5+ 45. Kg2 Qe7 46.
Kf2 Re1 47. Re2 Rxe2+ 48. Qxe2 Qb4 49. Qe3 Kg7 50. Qd3 Qe7 51. Qd4 c5 52. Qd5
b6 53. Qc6 Qd8 54. Qb7+ Kh6 55. Qf7 Qd2+ 56. Kf1 Qd1+ 57. Kf2 Qc2+ 58. Kf1 Qb1+
59. Kf2 Qc2+ 60. Kf1 Qd3+ 61. Kf2 Qd4+ 62. Kf1 Qd3+ 63. Kf2 1/2-1/2

[Event "Magyar rapid bajnokság"]
[Site "Ajka"]
[Date "2020.07.18"]
[Round "9.12"]
[White "Balint, Vilmos"]
[Black "Horvath, Adam"]
[Result "0-1"]
[WhiteElo "2187"]
[BlackElo "2496"]
[PlyCount "84"]
[EventDate "2020.07.17"]
[EventType "swiss"]
[EventRounds "13"]
[EventCountry "HUN"]

1. Nf3 c5 2. c4 Nc6 3. Nc3 g6 4. e3 Bg7 5. d4 d6 6. d5 Na5 7. h4 Nf6 8. Be2 a6
9. a4 e6 10. e4 exd5 11. exd5 Bf5 12. Nd2 Qd7 13. Ra3 O-O 14. h5 gxh5 15. Kf1
Rfe8 16. Nf3 Re7 17. Bd2 Rae8 18. Nh4 Bg6 19. Qc1 Qd8 20. Bg5 Qb6 21. Nxg6 hxg6
22. Qc2 Nxc4 23. Rb3 Qd8 24. g4 Na5 25. gxh5 Nxb3 26. Qxb3 Re5 27. Bh4 g5 28.
Bg3 Ne4 29. Nxe4 Rxe4 30. Bd3 c4 31. Bxc4 Qc8 32. h6 Re1+ 33. Kg2 Rxh1 34. hxg7
Qh3+ 35. Kf3 g4+ 36. Kf4 Qh6+ 37. Kxg4 Qg6+ 38. Kf4 Qe4+ 39. Kg5 f6+ 40. Kxf6
Rh6+ 41. Kg5 Rg6+ 42. Kh5 Qg4# 0-1

[Event "Magyar rapid bajnokság"]
[Site "Ajka"]
[Date "2020.07.18"]
[Round "9.13"]
[White "Terbe, Julianna"]
[Black "Seres, Lajos"]
[Result "0-1"]
[WhiteElo "2182"]
[BlackElo "2455"]
[PlyCount "60"]
[EventDate "2020.07.17"]
[EventType "swiss"]
[EventRounds "13"]
[EventCountry "HUN"]

1. d4 d5 2. Nf3 Nf6 3. g3 c6 4. c4 dxc4 5. Ne5 Nbd7 6. Nxc4 b5 7. Ne3 Bb7 8.
Bg2 e6 9. O-O Qb6 10. Nc3 Be7 11. a4 b4 12. Ne4 Nxe4 13. Bxe4 Nf6 14. Nc4 Qa6
15. Bd3 c5 16. Ne5 Qd6 17. Bb5+ Kf8 18. Bf4 Qd5 19. Nf3 a6 20. Bd3 cxd4 21. Rc1
Rd8 22. Bc4 Qh5 23. Ne5 g5 24. Bd2 Bd6 25. Nf3 Ng4 26. h4 gxh4 27. Kg2 h3+ 28.
Kh1 Ne5 29. Qb3 a5 30. Kh2 Bxf3 0-1